| 000 -LEADER |
| fixed length control field |
01129cam a2200277 i 4500 |
| 001 - CONTROL NUMBER |
| control field |
17741146 |
| 005 - DATE AND TIME OF LATEST TRANSACTION |
| control field |
20221107122511.0 |
| 006 - FIXED-LENGTH DATA ELEMENTS--ADDITIONAL MATERIAL CHARACTERISTICS |
| fixed length control field |
m |o d | |
| 007 - PHYSICAL DESCRIPTION FIXED FIELD--GENERAL INFORMATION |
| fixed length control field |
cr_||||||||||| |
| 008 - FIXED-LENGTH DATA ELEMENTS--GENERAL INFORMATION |
| fixed length control field |
130516s2014 enk obf 001 0 eng |
| 010 ## - LIBRARY OF CONGRESS CONTROL NUMBER |
| LC control number |
2013020035 |
| 020 ## - INTERNATIONAL STANDARD BOOK NUMBER |
| International Standard Book Number |
9781118688922 (pbk.) X |
| 080 ## - UNIVERSAL DECIMAL CLASSIFICATION NUMBER |
| Universal Decimal Classification number |
616.15-097.34 D-18 |
| 100 1# - MAIN ENTRY--PERSONAL NAME |
| Personal name |
Daniels, Geoff, |
| Relator term |
author. |
| 9 (RLIN) |
14318 |
| 245 10 - TITLE STATEMENT |
| Title |
Essential guide to blood groups / |
| Statement of responsibility, etc. |
Geoff Daniels, Imelda Bromilow. |
| 250 ## - EDITION STATEMENT |
| Edition statement |
Third edition. |
| 264 #1 - PRODUCTION, PUBLICATION, DISTRIBUTION, MANUFACTURE, AND COPYRIGHT NOTICE |
| Place of production, publication, distribution, manufacture |
Chichester, West Sussex, UK : |
| Name of producer, publisher, distributor, manufacturer |
Wiley Blackwell, |
| Date of production, publication, distribution, manufacture, or copyright notice |
2014. |
| 300 ## - PHYSICAL DESCRIPTION |
| Extent |
119 p.: |
| Other physical details |
ill; |
| Dimensions |
20 cm. |
| 588 ## - SOURCE OF DESCRIPTION NOTE |
| Source of description note |
Description based on print version record and CIP data provided by publisher. |
| 650 12 - SUBJECT ADDED ENTRY--TOPICAL TERM |
| Topical term or geographic name entry element |
Blood Group Antigens |
| Form subdivision |
Handbooks. |
| 9 (RLIN) |
14319 |
| 653 ## - INDEX TERM--UNCONTROLLED |
| keyword |
სისხლის ჯგუფის ანტიგენები |
| 653 ## - INDEX TERM--UNCONTROLLED |
| keyword |
შესავალი სისხლის ჯგუფებში-სისხლის ჯგუფის გამოყენების ტექნიკა |
| 653 ## - INDEX TERM--UNCONTROLLED |
| keyword |
მედიცინა |
| 700 1# - ADDED ENTRY--PERSONAL NAME |
| Personal name |
Bromilow, Imelda, |
| Relator term |
author. |
| 9 (RLIN) |
14320 |
| 942 ## - ADDED ENTRY ELEMENTS (KOHA) |
| Source of classification or shelving scheme |
|
| Koha item type |
წიგნი |